[PAROLES] - Un Homme - JEREMY FREROT - Paroles - Statistiques

Statistiques générales
  • Ce quiz a été pris 83 fois
    80 depuis la dernière actualisation
  • Le résultat moyen est 404 sur 462
Statistiques - réponses
Paroles % Correct
c
100%
d
100%
j
100%
Un
100%
un
100%
ce
98%
dis
98%
Dis
98%
homme
98%
m
98%
qu
98%
est
96%
je
96%
Je
96%
moi
96%
Moi
96%
pas
96%
peu
96%
plus
96%
quoi
96%
sais
96%
toi
96%
Toi
96%
toi?
96%
tu
96%
Tu
96%
au
95%
pour
95%
Le
93%
les
93%
mieux
93%
pire
93%
que
93%
dans
91%
Regarde
91%
veux
89%
et
88%
Et
88%
suis
88%
vois
88%
vois?
88%
yeux
88%
me
86%
Me
86%
perdu
86%
de
84%
comme
82%
Comme
82%
ralentis
82%
accélère
80%
te
80%
docile
79%
fragile
79%
ou
79%
la
77%
77%
ne
77%
père
77%
dur
75%
moins
73%
ni
73%
ris
73%
aux
71%
perds
71%
éclats
70%
en
70%
fort
68%
vis
68%
cœur
66%
deux
66%
oublie
66%
sensible
66%
amant
61%
frère
61%
poings
61%
fou
59%
ai
57%
glace
57%
libre
57%
repère
57%
bas
55%
feu
55%
Si
55%
autant
54%
réinvente
54%
être
52%
phare
52%
pote
52%
tranquille
52%
crée
50%
crie
50%
ici
50%
froid
48%
espaces
46%
folie
46%
rien
46%
rêveur
45%
autres
43%
chaud
43%
haut
43%
cases
39%
cours
39%
invente
39%
efface
38%
envies
38%
calme
36%
place
36%
brille
34%
vice
34%
Lancé
32%
sale
32%
joueur
30%
loin
30%
Trouve
30%
égo
29%
candeur
27%
change
25%
salaud
23%
speed
23%
daron
21%
nature
21%
clean
20%
ton
16%
venge
14%
jeu
11%
Christ
7%
Aucun quiz correspondant
Distribution des résultats
% des personnes avec chaque résultat
Percentile par nombre de réponses
Votre historique - résultats
Vous n’avez pas pris ce quiz depuis la dernière actualisation